| 000 | 01627nam a2200217Ia 4500 | ||
|---|---|---|---|
| 003 | Ost | ||
| 005 | 20260507075255.0 | ||
| 008 | 260507s9999||||xx |||||||||||||| ||und|| | ||
| 020 | _a582119957 | ||
| 040 | _cfsecg | ||
| 041 | _aara | ||
| 082 | _a330 | ||
| 100 |
_aالرشيدات، ممدوح محمد _eمؤلف |
||
| 245 | 0 |
_aالتشريعات المالية و المصرفيةفي الأردن / _c ممدوح محمد الرشيدات |
|
| 260 |
_aعمان: _bدار وائل, _c2004 |
||
| 300 |
_a398 صفحة؛ _c25 سم |
||
| 520 | _aالبنك المركزي و البنوك التجارية مع أوجه الرقابة على نشاطات البنك خاصة حسب قانون البنوك لعام 2000، الجوانب القانونية لأعمال البنك المركزي و التنظيم القانوني لأعمال المؤسسات المالية المتخصصة و كذلك الجوانب القانونية لاعمال البنك المركزي بتناول كل من الودائع المصرفية ، الحساب الجاري ، الاعتماد المستندي ، خطاب الضمان ايجار الخزائن الحديدية ، بطاقات الاتمان و الخصم و الجوانب القانونية للمؤسسات المالية بتناول عمل السوق المالي ، الاوراق المالية ، الاعمال المصرفية ، العملات الاجنبية و أخيرا الاستثمار و تشجيعه . | ||
| 653 | _aالبنوك ــ تشريع ــ الاردن | ||
| 653 | _aالمالية ــ تشريع ـ الاردن | ||
| 942 | _cكتاب | ||
| 999 |
_c43730 _d43730 |
||